00313nam a2200109Ia 4500008004000000082001900040100000600059245008300065250000500148260003900153300001100192210210b1972 xxu||||| |||| 00| 0 eng d a954.03076 SIMP a- aSimple history of modern India. (from 1707 A.D. to the present day). Rev Ed 5. a aDelhi.bSurjeet Book Depot.,c1972 avi,230